00437nam a2200169Ia 4500003000400000008004100004040001600045082001700061100001800078245006100096260003800157300001200195650001600207650001300223650001000236650002100246GCL140319s9999 xx 000 0 eng d aGCL / cGCL04a621.382bD E1 aDAVIES, E. R.10aELECTRONICS, NOISE AND SIGNAL RECOVERG / cDAVIES, E. R. a[S.N] : bACDEMIC PRESS ، c1993 a346 P P04aELECTRONICS04aBUILDING04aNOISE04aSIGNAL DETECTION